[Event "PRO League Group Stage"]
[Site "chess.com INT"]
[Date "2018.02.24"]
[Round "7"]
[White "Ju, Wenjun"]
[Black "Sebenik, Matej"]
[Result "1-0"]
[WhiteTitle "GM"]
[BlackTitle "GM"]
[WhiteElo "2572"]
[BlackElo "2551"]
[WhiteTeam "Chengdu Pandas"]
[BlackTeam "Ljubljana Turtles"]
[WhiteFideId "8603006"]
[BlackFideId "14602296"]
[EventDate "2018.01.18"]

1. d4 Nf6 2. Nf3 d5 3. e3 c5 4. b3 Nc6 5. Bb2 e6 6. Nbd2 Bd6 7. Bd3 O-O 8. O-O
b6 9. c4 Bb7 10. cxd5 exd5 11. Qe2 Re8 12. Rfd1 Qe7 13. Rac1 Ne4 14. Bb5 a6 15.
Bxc6 Bxc6 16. dxc5 bxc5 17. Nxe4 Qxe4 18. Ba3 d4 19. Bxc5 Bxc5 20. Rxc5 dxe3 21.
fxe3 Bb5 22. Qf2 Qxe3 23. Qxe3 Rxe3 24. Rd2 g6 25. Kf2 Re7 26. a4 Be8 27. Ra5
Rb8 28. Rxa6 Rxb3 29. a5 Ra3 30. Ra8 Kg7 31. Nd4 Ba4 32. a6 Rd7 33. a7 Bc6 34.
Rc8 Bb7 35. a8=Q Rxa8 36. Rxa8 Bxa8 37. Nf5+ gxf5 38. Rxd7 Kg6 39. g3 Be4 40.
Ke3 Bg2 41. Kf4 Bh3 42. Rd6+ f6 43. Rb6 Bg4 44. Rb5 Bh3 45. Ra5 Bg4 46. Ke3 Bh3
47. Kd4 Kg5 48. Ra7 h5 49. Rg7+ Kh6 50. Rg8 Kh7 51. Rb8 Kg6 52. Kd5 f4 53. gxf4
Kf5 54. Rf8 Bg2+ 55. Kd4 Kxf4 56. Rxf6+ Kg4 57. Ke3 Kh3 58. Kf2 h4 59. Rf4 Bd5
60. Kg1 Bc6 61. Rc4 Bb7 62. Rc3+ Kg4 63. Kf2 h3 64. Rg3+ Kh4 65. Ke3 Bg2 66. Kf4
Kh5 67. Kf5 Kh6 68. Rg6+ Kh7 69. Rg5 Kh6 70. Rg8 Kh7 71. Rg5 Kh6 72. Kf6 Bf1 73.
Rg8 Kh5 74. Rg5+ Kh6 75. Rg4 Kh5 76. Kf5 Bd3+ 77. Kf4 Bf1 78. Kg3 Kh6 79. Rf4
Bg2 80. Rf5 Kg6 81. Kg4 Kg7 82. Kg5 Kh7 83. Rf7+ Kg8 84. Rc7 Kf8 85. Kf6 Ke8 86.
Rh7 Kd8 87. Ke6 Kc8 88. Kd6 Kb8 89. Rg7 Kc8 90. Rh7 Kb8 91. Rd7 Kc8 92. Ke7 Kb8
93. Kd8 Bf1 94. Rc7 Bg2 95. Rc3 Kb7 96. Ke7 Kb6 97. Kd6 Kb5 98. Ke5 Kb6 99. Kf4
Kb7 100. Kg3 Kb8 101. Kf2 Kb7 102. Rc2 Kb6 103. Rc3 Kb7 104. Rc4 Kb6 105. Rc3
Kb5 106. Kg1 Kb6 107. Rc2 Bc6 108. Kf2 Bg2 109. Kg3 Kb7 110. Rc1 Kb6 111. Kf4
Kb7 112. Ke5 Kb6 113. Rc3 Kb7 114. Kd6 Kb8 115. Kd7 Kb7 116. Rb3+ Ka6 117. Kd6
Ka5 118. Ke5 Ka4 119. Rb2 Ka3 120. Rb1 Ka2 121. Rb8 Ka3 122. Kf4 Ka4 123. Kg3
Ka3 124. Rb6 Ka2 125. Rb4 Ka3 126. Rb5 Ka4 127. Rb2 Bf1 128. Rf2 1-0

[Event "PRO League Group Stage"]
[Site "chess.com INT"]
[Date "2018.02.24"]
[Round "7"]
[White "Nemcova, Katerina"]
[Black "Summerscale, Aaron P"]
[Result "1/2-1/2"]
[WhiteTitle "WGM"]
[BlackTitle "GM"]
[WhiteElo "2315"]
[BlackElo "2395"]
[WhiteTeam "Webster Windmills"]
[BlackTeam "London Towers"]
[WhiteFideId "322750"]
[BlackFideId "400980"]
[EventDate "2018.01.18"]

1. d4 d5 2. Bf4 Nf6 3. e3 e6 4. Nf3 Bd6 5. Bg3 Nbd7 6. Nbd2 Qe7 7. c4 c6 8. Bd3
e5 9. dxe5 Nxe5 10. Nxe5 Bxe5 11. Bxe5 Qxe5 12. cxd5 Qxd5 13. Nf3 Bg4 14. Be2
O-O-O 15. Qxd5 Rxd5 16. O-O Rhd8 17. Rfd1 Bxf3 18. Bxf3 Rd2 19. Rxd2 Rxd2 20.
Rb1 Nd7 21. Rd1 Rxd1+ 22. Bxd1 Kc7 23. Bc2 h6 24. Kf1 Kd6 25. Ke2 c5 26. Bb3 f6
27. f4 b5 28. Bf7 Nb6 29. Kd3 c4+ 30. Kd4 Na4 31. b3 cxb3 32. axb3 Nb6 33. e4 a6
34. e5+ fxe5+ 35. fxe5+ Ke7 36. Bg8 Nd7 37. Bd5 a5 38. Bc6 a4 39. bxa4 bxa4 40.
Bxa4 Nf8 41. Bb3 Nd7 42. Bd5 Nf8 43. g3 Nd7 44. Bb3 Nf8 45. Bd5 Nd7 46. Bg2 Nf8
47. Bh3 Nh7 48. Bf5 Ng5 49. Ke3 Nf7 50. Kf4 Nd8 51. h4 Nc6 52. Be4 Nd4 53. Bd5
Ne2+ 54. Kf3 Nc3 55. Bc4 Na4 56. Kf4 g6 57. h5 gxh5 58. Kf5 Nc5 59. Be2 Ne6 60.
Bxh5 Nd4+ 61. Ke4 Ne6 62. Bg4 Ng7 63. Bc8 Kf7 64. Kf4 Ke7 65. Ke4 Kf7 66. g4 Ke7
67. Bf5 Kf7 68. Kd5 Ke7 69. Ke4 Kf7 70. Kd4 h5 71. Ke4 hxg4 72. Bxg4 Ke7 73. Kd5
Ne8 74. Bh3 1/2-1/2

[Event "PRO League Group Stage"]
[Site "chess.com INT"]
[Date "2018.02.24"]
[Round "7"]
[White "Nemcova, Katerina"]
[Black "Kukk, Sander"]
[Result "1-0"]
[WhiteTitle "WGM"]
[WhiteElo "2315"]
[BlackElo "2178"]
[WhiteTeam "Webster Windmills"]
[BlackTeam "Estonia Horses"]
[WhiteFideId "322750"]
[BlackFideId "4502094"]
[EventDate "2018.01.18"]

1. e4 g6 2. d4 Bg7 3. Nf3 d6 4. Bc4 Nf6 5. Qe2 O-O 6. e5 dxe5 7. dxe5 Nd5 8. O-O
Nb6 9. Bb3 Bg4 10. Nbd2 Nc6 11. h3 Nd4 12. Qe3 Bxf3 13. Nxf3 Nxf3+ 14. Qxf3 Bxe5
15. Qxb7 c5 16. Qe4 Qd4 17. Re1 Bf6 18. Bh6 Rfe8 19. Bxf7+ Kh8 20. Bxe8 Rxe8 21.
c3 Qxe4 22. Rxe4 Rd8 23. Be3 Rd5 24. Kf1 Kg7 25. Ke2 Kf7 26. Rd1 e6 27. a4 a5
28. Bf4 c4 29. Ra1 Rc5 30. Be3 Rc6 31. Bxb6 Rxb6 32. Ra2 Rc6 33. Kd2 Ke7 34. Kc2
Kd6 35. Ra1 Kc5 36. Rae1 e5 37. Rd1 Rc7 38. Rde1 Kd5 39. f4 exf4 40. Rxf4 Be5
41. Rf8 Bg7 42. Ra8 Rf7 43. Rxa5+ Kc6 44. Rg5 Rf2+ 45. Kb1 Bh6 46. Rg4 Bf4 47.
g3 Bd6 48. Rxc4+ Kb7 49. a5 Bxg3 50. Re6 Rf7 51. a6+ Ka7 52. b4 Bf2 53. b5 g5
54. Rce4 Bc5 55. R4e5 1-0

[Event "PRO League Group Stage"]
[Site "chess.com INT"]
[Date "2018.02.24"]
[Round "7"]
[White "Nemcova, Katerina"]
[Black "Zwardon, Vojtech"]
[Result "1/2-1/2"]
[WhiteTitle "WGM"]
[BlackTitle "IM"]
[WhiteElo "2315"]
[BlackElo "2412"]
[WhiteTeam "Webster Windmills"]
[BlackTeam "Riga Magicians"]
[WhiteFideId "322750"]
[BlackFideId "325511"]
[EventDate "2018.01.18"]

1. d4 Nf6 2. Bf4 c5 3. e3 Qb6 4. Nc3 cxd4 5. exd4 Qxb2 6. Nb5 Nd5 7. Rb1 Qxa2 8.
Ra1 Qb2 9. Rb1 Qa2 10. Ra1 Qb2 11. Rb1 Qa2 12. Ra1 Qb2 13. Rb1 Qa2 14. Ra1 1/2-1/2

[Event "PRO League Group Stage"]
[Site "chess.com INT"]
[Date "2018.02.24"]
[Round "7"]
[White "Nemcova, Katerina"]
[Black "Agrest, Inna"]
[Result "1-0"]
[WhiteTitle "WGM"]
[BlackTitle "WIM"]
[WhiteElo "2315"]
[BlackElo "2280"]
[WhiteTeam "Webster Windmills"]
[BlackTeam "Stockholm Snowballs"]
[WhiteFideId "322750"]
[BlackFideId "1708830"]
[EventDate "2018.01.18"]

1. d4 Nf6 2. Bf4 g6 3. Nc3 Bg7 4. e4 d6 5. Qd2 O-O 6. O-O-O Nbd7 7. Nf3 c5 8. d5
a6 9. h4 h5 10. e5 dxe5 11. Nxe5 Nxe5 12. Bxe5 b5 13. f4 Bb7 14. Bxf6 exf6 15.
Be2 f5 16. Bf3 Qd6 17. Rhe1 Rfd8 18. Qd3 Qxf4+ 19. Kb1 Qxh4 20. d6 Bxf3 21. Qxf3
Qf6 22. d7 Rab8 23. Qd5 c4 24. Qc5 Kh7 25. Rd6 Qh4 26. Qe3 f4 27. Qe4 Qg4 28.
Red1 Qg5 29. Ne2 Qe5 30. Qxe5 Bxe5 31. R6d5 Bc7 32. Nd4 Rb6 33. Nf3 Kg7 34. Kc1
Rb7 35. c3 Bb6 36. Ne5 Rc7 37. Rd6 Ba5 38. Rxa6 Rc5 39. Nc6 Rxc6 40. Rxc6 b4 41.
Rxc4 bxc3 42. bxc3 g5 43. Rc5 Bb6 44. Rxg5+ Kf6 45. Rxh5 Be3+ 46. Kc2 Ke7 47.
Re5+ Kf6 48. Re8 1-0

[Event "PRO League Group Stage"]
[Site "chess.com INT"]
[Date "2018.02.24"]
[Round "7"]
[White "Kantans, Toms"]
[Black "Hansen, Eric"]
[Result "1-0"]
[WhiteTitle "GM"]
[BlackTitle "GM"]
[WhiteElo "2478"]
[BlackElo "2629"]
[WhiteTeam "Riga Magicians"]
[BlackTeam "Montreal Chessbrahs"]
[WhiteFideId "11602945"]
[BlackFideId "2606771"]
[EventDate "2018.01.18"]

1. e4 c5 2. Nf3 e6 3. d4 cxd4 4. Nxd4 a6 5. c4 Nf6 6. Nc3 Qc7 7. a3 d6 8. Be2 b6
9. Be3 Bb7 10. f3 Nbd7 11. O-O Be7 12. Qd2 O-O 13. Rfc1 Rfc8 14. Kh1 Rab8 15.
Rc2 h5 16. Nd1 Qd8 17. Nf2 d5 18. exd5 exd5 19. Nf5 Bc5 20. Bxc5 Nxc5 21. Rd1
Ne6 22. cxd5 Rxc2 23. Qxc2 Nxd5 24. Bc4 Qc7 25. Qb3 Ndf4 26. Bf1 Qc5 27. Ne3 b5
28. Ne4 Bxe4 29. fxe4 Qe5 30. Qb4 Rc8 31. g3 Ng6 32. Rd5 Qf6 33. Qd2 h4 34. Nf5
hxg3 35. hxg3 Ne7 36. Nxe7+ Qxe7 37. Bh3 Rc4 38. e5 Nf8 39. Bg2 Rc5 40. Rxc5
Qxc5 41. Qe2 Ne6 42. Bh3 Ng5 43. Bg2 Qd4 44. Kh2 g6 45. b4 Qc3 46. Qf2 Qxe5 47.
Qb6 Kg7 48. Qxa6 Qe2 49. Qb7 Ne6 50. Qb6 Qd3 51. Qb8 Qc3 52. Qxb5 Qxa3 53. Qe5+
Kg8 54. b5 Qb4 55. Qb8+ Kg7 56. b6 Qb2 57. b7 Nc5 58. Qc7 Na6 59. Qd6 1-0

[Event "PRO League Group Stage"]
[Site "chess.com INT"]
[Date "2018.02.24"]
[Round "7"]
[White "Kantans, Toms"]
[Black "Miroshnichenko, Evgenij"]
[Result "1-0"]
[WhiteTitle "GM"]
[BlackTitle "GM"]
[WhiteElo "2478"]
[BlackElo "2606"]
[WhiteTeam "Riga Magicians"]
[BlackTeam "Australia Kangaroos"]
[WhiteFideId "11602945"]
[BlackFideId "14102595"]
[EventDate "2018.01.18"]

1. e4 d5 2. exd5 Qxd5 3. Nc3 Qa5 4. d4 Nf6 5. Nf3 Bf5 6. Bd2 e6 7. Nb5 Qb6 8. a4
a5 9. Bf4 Nd5 10. Bc1 Nb4 11. Na3 c6 12. c3 Nd5 13. Nc4 Qd8 14. Bd3 Bxd3 15.
Qxd3 Be7 16. O-O Nd7 17. Re1 O-O 18. Nce5 Nxe5 19. Nxe5 Bd6 20. Bd2 Qc7 21. h4
Rad8 22. h5 Nf6 23. Qf3 Be7 24. h6 g6 25. Bf4 Nd5 26. Nxg6 Nxf4 27. Nxe7+ Kh8
28. Re4 Qxe7 29. Qxf4 Rd5 30. Rae1 Rg8 31. Re5 Rdd8 32. Rf5 Rdf8 33. Qe5+ f6 34.
Qxe6 Qd8 35. Re3 Rg6 36. Qe7 Qc8 37. Rh5 Rfg8 38. g3 Qg4 39. Qc5 b6 40. Qf5 Qd1+
41. Kg2 Qd2 42. b3 Qb2 43. Qe6 Qd2 44. Rh4 Qd1 45. Qxc6 Qxb3 46. Rf4 Qf7 47. Re6
Rf8 48. Rh4 Rb8 49. d5 b5 50. axb5 a4 51. Rxa4 Rxh6 52. Qd6 Rg8 53. Ree4 f5 54.
Qxh6 fxe4 55. Qe3 Qxd5 56. Qd4+ 1-0

[Event "PRO League Group Stage"]
[Site "chess.com INT"]
[Date "2018.02.24"]
[Round "7"]
[White "Kantans, Toms"]
[Black "Mamedov, Rauf"]
[Result "1/2-1/2"]
[WhiteTitle "GM"]
[BlackTitle "GM"]
[WhiteElo "2478"]
[BlackElo "2709"]
[WhiteTeam "Riga Magicians"]
[BlackTeam "San Jose Hackers"]
[WhiteFideId "11602945"]
[BlackFideId "13401653"]
[EventDate "2018.01.18"]

1. e4 c5 2. Nf3 Nc6 3. Bb5 g6 4. c3 Nf6 5. Qe2 Bg7 6. O-O O-O 7. d4 cxd4 8. cxd4
d6 9. h3 a6 10. Bxc6 bxc6 11. Nc3 a5 12. Re1 Nd7 13. Bg5 h6 14. Be3 Kh7 15. Rac1
Ba6 16. Qd2 c5 17. dxc5 Nxc5 18. Red1 Nd3 19. Rb1 Rc8 20. Bd4 e5 21. Be3 f5 22.
exf5 gxf5 23. Nd5 a4 24. Ne1 Nxe1 25. Qxe1 Bb7 26. Qb4 Bc6 27. f4 Rb8 28. Qc4
Rc8 29. Qb4 Rb8 30. Qc4 Bb5 31. Qc7 Qxc7 32. Nxc7 Bc4 33. b3 axb3 34. axb3 Rxb3
35. Rxb3 Bxb3 36. Rxd6 Rc8 37. Rd7 Kg8 38. Nd5 Bxd5 39. Rxd5 exf4 40. Bxf4 Rf8
41. Kf2 Kh7 42. Kf3 Kg6 43. Rd6+ Rf6 44. Rxf6+ Bxf6 45. g4 fxg4+ 46. hxg4 h5 47.
gxh5+ Kxh5 1/2-1/2

[Event "PRO League Group Stage"]
[Site "chess.com INT"]
[Date "2018.02.24"]
[Round "7"]
[White "Kantans, Toms"]
[Black "Shimanov, Aleksandr"]
[Result "0-1"]
[WhiteTitle "GM"]
[BlackTitle "GM"]
[WhiteElo "2478"]
[BlackElo "2641"]
[WhiteTeam "Riga Magicians"]
[BlackTeam "Webster Windmills"]
[WhiteFideId "11602945"]
[BlackFideId "4198603"]
[EventDate "2018.01.18"]

1. e4 c6 2. d4 d5 3. exd5 cxd5 4. c4 Nf6 5. Nc3 e6 6. Nf3 Bb4 7. cxd5 Nxd5 8.
Bd2 Nc6 9. Bd3 Nf6 10. Be3 O-O 11. O-O b6 12. Rc1 Bb7 13. Bb1 Ne7 14. Ne5 Rc8
15. a3 Bxc3 16. bxc3 Ng6 17. Nxg6 hxg6 18. c4 Qd6 19. c5 Qd5 20. f3 Rfd8 21. Qe2
Qb3 22. Ba2 Qa4 23. Bc4 Qd7 24. Bb5 Bc6 25. a4 Nd5 26. Bf2 bxc5 27. dxc5 Rb8 28.
Bg3 Bxb5 29. axb5 Qxb5 30. Qxb5 Rxb5 31. c6 Rc8 32. c7 Kf8 33. Rf2 Ke8 34. Ra2
a5 35. Rca1 Kd7 36. Rxa5 Rxa5 37. Rxa5 f6 38. h4 Ne7 39. h5 Nf5 40. Bh2 gxh5 41.
Rc5 g6 42. Kf2 g5 43. Ke2 e5 44. Kd3 Rxc7 45. Rxc7+ Kxc7 46. Ke4 Nd6+ 47. Kd5
Kd7 0-1

[Event "PRO League Group Stage"]
[Site "chess.com INT"]
[Date "2018.02.24"]
[Round "7"]
[White "Safin, Artur"]
[Black "Bonnafous, Michel"]
[Result "1-0"]
[WhiteElo "2229"]
[BlackElo "1958"]
[WhiteTeam "Dallas Destiny"]
[BlackTeam "Marseille Migraines"]
[WhiteFideId "2041367"]
[BlackFideId "615056"]
[EventDate "2018.01.18"]

1. c4 f5 2. Nc3 Nf6 3. g3 e6 4. Bg2 c6 5. Nf3 d5 6. d4 Bd6 7. O-O O-O 8. Bf4 h6
9. e3 Ne4 10. Qc2 Na6 11. a3 Nc7 12. Bxd6 Qxd6 13. Ne5 Nf6 14. f4 Nce8 15. b4
Qd8 16. c5 Bd7 17. a4 g5 18. b5 Ng7 19. Rab1 Be8 20. bxc6 bxc6 21. Rb7 Qc8 22.
Rfb1 Nd7 23. Nxd7 Bxd7 24. a5 Qe8 25. Qa4 Qf7 26. Ne2 Rfd8 27. Nc1 Qh5 28. Qc2
Ne8 29. Nd3 Nf6 30. Ne5 Ng4 31. Bf3 Bc8 32. Bxg4 fxg4 33. Qh7+ 1-0

[Event "PRO League Group Stage"]
[Site "chess.com INT"]
[Date "2018.02.24"]
[Round "7"]
[White "Safin, Artur"]
[Black "Hemant, Sharma2"]
[Result "1/2-1/2"]
[BlackTitle "IM"]
[WhiteElo "2229"]
[BlackElo "2348"]
[WhiteTeam "Dallas Destiny"]
[BlackTeam "Delhi Dynamite"]
[WhiteFideId "2041367"]
[BlackFideId "5025842"]
[EventDate "2018.01.18"]

1. c4 e6 2. Nc3 d5 3. d4 Nf6 4. Nf3 Be7 5. g3 O-O 6. Bg2 dxc4 7. O-O a6 8. Ne5
Nc6 9. Bxc6 bxc6 10. Nxc6 Qe8 11. Nxe7+ Qxe7 12. Qa4 c5 13. Qa3 Nd7 14. Be3 Bb7
15. dxc5 Bc6 16. Rad1 Ne5 17. Rd6 Qb7 18. f3 Ng6 19. Qa5 Rfc8 20. Qb6 Rab8 21.
Qxb7 Rxb7 22. Bc1 Kf8 23. Rfd1 Ke8 24. Kf2 Ne7 25. e4 a5 26. R1d4 Rb4 27. a3 e5
28. axb4 exd4 29. Rxd4 axb4 30. Na2 Bb5 31. Nxb4 Rxc5 32. Bd2 Nc6 33. Nxc6 Rxc6
34. Bc3 f6 35. Rd5 Ba6 36. Ke3 Bc8 37. h4 Be6 38. Ra5 Rd6 39. Bd4 Rd7 40. g4 Kf7
41. g5 h6 42. gxf6 gxf6 43. Ra6 Re7 44. Kf4 h5 45. Bc3 Rd7 46. Ra5 Kg6 47. e5
Rd5 48. Ra6 fxe5+ 49. Bxe5 Kf7 50. Ra7+ Rd7 51. Ra8 Rd3 52. Ra7+ Rd7 53. Rxd7+
Bxd7 54. Kg5 Bc6 55. Kxh5 Bxf3+ 56. Kg5 Kg8 57. h5 1/2-1/2

[Event "PRO League Group Stage"]
[Site "chess.com INT"]
[Date "2018.02.24"]
[Round "7"]
[White "Safin, Artur"]
[Black "Rodchenkov, Vitaly"]
[Result "1/2-1/2"]
[BlackTitle "FM"]
[WhiteElo "2229"]
[BlackElo "2304"]
[WhiteTeam "Dallas Destiny"]
[BlackTeam "Volga Stormbringers"]
[WhiteFideId "2041367"]
[BlackFideId "4152964"]
[EventDate "2018.01.18"]

1. c4 e6 2. Nc3 d5 3. d4 Be7 4. Nf3 Nf6 5. g3 O-O 6. Bg2 c6 7. O-O b6 8. Ne5 Bb7
9. Bf4 Nbd7 10. Rc1 Nxe5 11. dxe5 Nd7 12. cxd5 cxd5 13. e4 d4 14. Qxd4 g5 15.
Be3 Bc5 16. Qd2 Bxe3 17. Qxe3 Nxe5 18. Rfd1 Qf6 19. f4 gxf4 20. gxf4 Nc4 21. Qe2
Rac8 22. e5 Qg6 23. Ne4 Bd5 24. Nf6+ Kh8 25. Nxd5 exd5 26. b3 Na5 27. Kh1 Nc6
28. Bxd5 Ne7 29. Be4 Qh6 30. Qf3 Ng6 31. Rxc8 Rxc8 32. Bxg6 hxg6 33. f5 Rc2 34.
Qg3 Qh5 35. Rf1 gxf5 36. Rg1 Qg4 37. Qxg4 fxg4 38. Rxg4 Rxa2 39. Rc4 Kg7 40. Rc7
Kg6 41. Kg1 a5 42. Rb7 Kf5 43. Rxb6 Kxe5 44. h4 f5 45. h5 Rc2 46. h6 Rc7 47. Kf2
Kf4 48. Rd6 Rc2+ 49. Kf1 Kf3 50. Rd3+ Ke4 51. Rh3 Rc8 52. h7 Rh8 53. Ke2 f4 54.
Rh5 f3+ 55. Kf2 Kf4 56. Rh4+ Kg5 57. Rh1 Kg4 58. Rh2 Kg5 59. Kxf3 Kg6 60. Ke4
Kg7 61. Kd5 Rd8+ 62. Kc6 Kh8 63. Rh3 Rb8 64. Kc5 Rb4 65. Rc3 Kxh7 66. Rc4 Rxb3
67. Ra4 Rf3 68. Rxa5 Rf5+ 69. Kb4 Rxa5 70. Kxa5 1/2-1/2

[Event "PRO League Group Stage"]
[Site "chess.com INT"]
[Date "2018.02.24"]
[Round "7"]
[White "Safin, Artur"]
[Black "Kjartansson, David"]
[Result "1/2-1/2"]
[BlackTitle "FM"]
[WhiteElo "2229"]
[BlackElo "2409"]
[WhiteTeam "Dallas Destiny"]
[BlackTeam "Reykjavik Puffins"]
[WhiteFideId "2041367"]
[BlackFideId "2301130"]
[EventDate "2018.01.18"]

1. c4 c5 2. Nc3 Nc6 3. g3 g6 4. Bg2 Bg7 5. Nf3 d6 6. O-O Nf6 7. a3 O-O 8. d3 Bd7
9. Rb1 Rc8 10. b4 b6 11. Bd2 Nd4 12. Nxd4 cxd4 13. Nb5 Bxb5 14. cxb5 d5 15. Qa4
Qd7 16. Rbc1 h5 17. Rc6 e6 18. Rfc1 Ng4 19. Qa6 Rxc6 20. bxc6 Qc7 21. Qb7 Be5
22. Qxc7 Bxc7 23. b5 Nf6 24. a4 a5 25. Bf4 Rc8 26. e3 Bxf4 27. gxf4 dxe3 28.
fxe3 Kf8 29. Bf3 Ke7 30. Kf2 Ne8 31. e4 Nc7 32. Ke3 Rd8 33. exd5 exd5 34. Re1
Kd6 35. Kd2 Ne6 36. Rf1 Nxf4 37. h4 Ne6 38. Bd1 Ke7 39. Ke3 f5 40. d4 Kf6 41.
Bc2 Re8 42. Kd3 Nc7 43. Kd2 Re7 44. Rg1 Ne8 45. Rg2 Nd6 46. Bd3 Rc7 47. Re2 Re7
48. Rg2 Rg7 49. Re2 g5 50. hxg5+ Rxg5 51. Re5 h4 52. Rxd5 Ke6 53. Re5+ Kf6 54.
Rd5 Ke6 55. Re5+ Kf6 56. c7 Rg8 57. Rd5 Ke6 58. Re5+ Kf6 59. Rd5 Ke6 1/2-1/2

[Event "PRO League Group Stage"]
[Site "chess.com INT"]
[Date "2018.02.24"]
[Round "7"]
[White "Hambleton, Aman"]
[Black "Yanchenko, Roman"]
[Result "0-1"]
[WhiteTitle "IM"]
[BlackTitle "FM"]
[WhiteElo "2501"]
[BlackElo "2436"]
[WhiteTeam "Montreal Chessbrahs"]
[BlackTeam "London Towers"]
[WhiteFideId "2606577"]
[BlackFideId "4137329"]
[EventDate "2018.01.18"]

1. d4 Nf6 2. Bf4 d5 3. e3 Bf5 4. c4 e6 5. Nc3 c6 6. Qb3 Qc8 7. Rc1 Be7 8. Nf3
O-O 9. h3 Nbd7 10. Be2 Nb6 11. Nd2 dxc4 12. Nxc4 Nxc4 13. Bxc4 Qd7 14. O-O Nd5
15. Bg3 Nxc3 16. bxc3 b5 17. Be2 Be4 18. c4 bxc4 19. Bxc4 Bd6 20. Bxd6 Qxd6 21.
Rfd1 Rfb8 22. Qc3 Bd5 23. Bd3 f5 24. Rd2 a5 25. Qc5 Qd8 26. Bc4 Rb4 27. Rdc2
Rab8 28. Bxd5 cxd5 29. Qa7 Ra8 30. Qc5 h6 31. g3 Rab8 32. Qa7 Ra8 33. Qc7 Kh7
34. Qxd8 Rxd8 35. Rc6 Re8 36. Ra6 Ra4 37. Rcc6 Rxa2 38. Rxe6 Rc8 39. Rec6 Rb8
40. Rab6 Ra8 41. Rc5 a4 42. Rbb5 a3 43. Ra5 Rb8 44. Rxd5 f4 45. gxf4 Rbb2 46. f5
Rxf2 47. Rxa3 Rg2+ 48. Kh1 Rh2+ 49. Kg1 Rag2+ 50. Kf1 Rb2 51. Kg1 Rhe2 52. Ra1
Rxe3 53. Re5 Rg3+ 54. Kh1 Rxh3+ 55. Kg1 Rd2 56. Re4 Rf3 57. Rf1 Rg3+ 58. Kh1
Rgg2 59. Rfe1 Rgf2 60. Re5 Rxd4 61. R1e2 Rd1+ 62. Re1 Rxe1+ 63. Rxe1 Rxf5 64.
Kg2 Ra5 65. Kh3 h5 66. Re6 g6 67. Rb6 Kh6 68. Kh4 Ra4+ 69. Kh3 h4 70. Rb8 Kh5
71. Rb5+ g5 72. Kh2 Kg4 73. Rb2 h3 74. Rc2 Kh4 75. Rb2 g4 76. Rb3 Ra2+ 77. Kh1
Ra1+ 78. Kh2 g3+ 79. Rxg3 Ra2+ 0-1

[Event "PRO League Group Stage"]
[Site "chess.com INT"]
[Date "2018.02.24"]
[Round "7"]
[White "Hambleton, Aman"]
[Black "Pantsulaia, Levan"]
[Result "1-0"]
[WhiteTitle "IM"]
[BlackTitle "GM"]
[WhiteElo "2501"]
[BlackElo "2605"]
[WhiteTeam "Montreal Chessbrahs"]
[BlackTeam "Stockholm Snowballs"]
[WhiteFideId "2606577"]
[BlackFideId "13602071"]
[EventDate "2018.01.18"]

1. d4 Nf6 2. Bf4 c5 3. e3 cxd4 4. exd4 d5 5. c3 Nc6 6. Bd3 g6 7. Nf3 Bg7 8. O-O
O-O 9. Qc2 Bg4 10. Ne5 Rc8 11. Nxg4 Nxg4 12. Qe2 Nf6 13. Nd2 a6 14. Rfe1 e6 15.
Nf3 Re8 16. Ne5 Nh5 17. Bd2 Nxe5 18. dxe5 Bf8 19. g4 Ng7 20. Kg2 Bc5 21. Qf3 Qb6
22. Rab1 Bf8 23. Bg5 Rc6 24. h4 h5 25. Bf6 Rec8 26. Rg1 hxg4 27. Qxg4 Rc4 28.
Bxc4 Rxc4 29. Qf3 Nh5 30. Kh1 Bg7 31. Bg5 Re4 32. Rbe1 Rxe1 33. Rxe1 Qxb2 34.
Re2 Qb5 35. Kg2 Qc4 36. Qe3 b5 37. Rd2 Qg4+ 38. Kf1 Qf5 39. Re2 Bf8 40. Kg2 Qg4+
41. Kf1 Ng7 42. Qf4 Qh3+ 43. Kg1 Qxc3 44. Re3 Qa1+ 45. Kg2 Nh5 46. Qf3 Qxa2 47.
Rc3 Ng7 48. Rc7 Nf5 49. h5 Bh6 50. Bf6 Bg7 51. Bg5 Qb1 52. hxg6 fxg6 53. Qf4
Qe4+ 54. Qxe4 dxe4 55. Rc6 Kf7 56. Rxa6 Bxe5 57. Ra7+ Ke8 58. Rb7 Nd6 59. Re7+
Kf8 60. Rxe6 Nf7 61. Be3 b4 62. Rxg6 b3 63. Rb6 b2 64. Bc5+ Ke8 65. Ba3 Kd7 66.
Bxb2 Bc7 67. Rb4 Ng5 68. Bc1 Ne6 69. Rxe4 Kd6 70. Be3 Kd5 71. Ra4 Ke5 72. f4+
Kf5 73. Kf3 Nd8 74. Rb4 Ne6 75. Rb5+ Kf6 76. Ke4 Kf7 77. f5 Nd8 78. Bd4 Ke8 79.
Rb2 Kd7 80. Rg2 Nc6 81. Rg7+ Kc8 82. f6 Bd6 83. Rg8+ Kd7 84. f7 Ke6 85. f8=Q
Bxf8 86. Rxf8 1-0

[Event "PRO League Group Stage"]
[Site "chess.com INT"]
[Date "2018.02.24"]
[Round "7"]
[White "Hambleton, Aman"]
[Black "Studer, Noel"]
[Result "0-1"]
[WhiteTitle "IM"]
[BlackTitle "GM"]
[WhiteElo "2501"]
[BlackElo "2476"]
[WhiteTeam "Montreal Chessbrahs"]
[BlackTeam "Riga Magicians"]
[WhiteFideId "2606577"]
[BlackFideId "1319620"]
[EventDate "2018.01.18"]

1. d4 d5 2. Bf4 e6 3. e3 Nf6 4. Nf3 Bd6 5. Nbd2 O-O 6. c3 b6 7. Bd3 c5 8. Bxd6
Qxd6 9. Ne5 Nc6 10. f4 Ne7 11. O-O Bb7 12. Qf3 Rac8 13. g4 g6 14. f5 exf5 15.
gxf5 Ne4 16. Nxe4 dxe4 17. Bxe4 Bxe4 18. Qxe4 Nxf5 19. Rxf5 gxf5 20. Qxf5 Qe6
21. Qf4 f6 22. Ng4 Kh8 23. Nh6 Rce8 24. Kf2 f5 25. Rg1 Rf6 26. Qg5 Rg6 27. Qxf5
Qxe3+ 0-1

[Event "PRO League Group Stage"]
[Site "chess.com INT"]
[Date "2018.02.24"]
[Round "7"]
[White "Sevian, Samuel"]
[Black "Klein, David"]
[Result "1-0"]
[WhiteTitle "GM"]
[BlackTitle "GM"]
[WhiteElo "2614"]
[BlackElo "2501"]
[WhiteTeam "San Diego Surfers"]
[BlackTeam "Amsterdam Mosquitoes"]
[WhiteFideId "2040506"]
[BlackFideId "1003623"]
[EventDate "2018.01.18"]

1. e4 e5 2. Nf3 Nc6 3. Bc4 Bc5 4. O-O d6 5. c3 Nf6 6. Re1 a6 7. d4 Bb6 8. h3 Qe7
9. Be3 h6 10. Nbd2 O-O 11. a3 Bd7 12. Bd3 Ba7 13. Qc2 Nd8 14. Nf1 Nh5 15. Rad1
Qf6 16. Be2 exd4 17. cxd4 Nf4 18. Bxf4 Qxf4 19. Qxc7 Ba4 20. Qc1 Qxe4 21. Bb5
Qc2 22. Bxa4 Qxa4 23. Qf4 Ne6 24. Qg4 Qb5 25. Ng3 Qxb2 26. Nf5 h5 27. Ne7+ Kh7
28. Qxh5# 1-0

[Event "PRO League Group Stage"]
[Site "chess.com INT"]
[Date "2018.02.24"]
[Round "7"]
[White "Sevian, Samuel"]
[Black "Grandelius, Nils"]
[Result "0-1"]
[WhiteTitle "GM"]
[BlackTitle "GM"]
[WhiteElo "2614"]
[BlackElo "2647"]
[WhiteTeam "San Diego Surfers"]
[BlackTeam "Norway Gnomes"]
[WhiteFideId "2040506"]
[BlackFideId "1710400"]
[EventDate "2018.01.18"]

1. e4 c5 2. Nf3 e6 3. d4 cxd4 4. Nxd4 a6 5. c4 Nf6 6. Nc3 Qc7 7. a3 b6 8. Be3
Bb7 9. f3 Be7 10. Be2 O-O 11. b4 d5 12. exd5 exd5 13. Nf5 dxc4 14. Qd4 Nc6 15.
Qxb6 Qd7 16. Nxe7+ Nxe7 17. Qd4 Qe8 18. Qxc4 Nf5 19. Bc5 Ne3 20. Qd3 Nxg2+ 21.
Kf2 Nf4 22. Qf5 N6d5 23. Rae1 Bc8 24. Qe4 Nh3+ 25. Kf1 Nxc3 26. Qxa8 Nf4 27. Qa7
Bh3+ 28. Kf2 Ncxe2 29. Rd1 Nc3 30. Rd2 Nd3+ 31. Rxd3 Qe2+ 32. Kg3 Qxd3 33. Bxf8
Ne2+ 34. Kf2 Nd4 35. Qb7 Qd2+ 36. Kg3 Qg2+ 37. Kf4 Ne6+ 38. Ke3 Qxh1 39. Bc5
Qe1+ 40. Kd3 Bf1+ 41. Kc2 Qe2+ 42. Kb3 Qc4+ 43. Kb2 h6 0-1